| 000 | 00927nam a2200205 i 4500 | ||
|---|---|---|---|
| 001 | 49236 | ||
| 003 | ES-MaACL | ||
| 005 | 20231224062919.0 | ||
| 007 | t| | ||
| 008 | 030711s1912 sp ||||1| spa d | ||
| 100 | 1 |
_aCortejarena y Aldebó, Francisco de, _d1835-1919 _9145203 |
|
| 245 | 1 | 0 |
_aAcción social moderna ante la tuberculosis / _ccomunicación del dr. Francisco de Cortejarena y Aldevó leída y discutida en la Sección el día 12 de septiembre. |
| 260 |
_aMadrid : _b[s.n.], _c1912 ( _fImpr. de los sucesores de Enrique Teodoro) |
||
| 300 |
_a16 p. ; _c20 cm. |
||
| 500 | _aExtraido de "El Siglo Médico" | ||
| 594 | _aPrecede al tít.: II Congreso Español Internacional de la Tuberculosis, 9 al 16 de septiembre de 1912, San Sebastián, Sección Septima. | ||
| 650 | 4 |
_aTuberculosis- _xPrevención. _9139265 |
|
| 852 |
_aES-MaACL _jT-1326-F-1 _z.- Ded. manuscrita del autor |
||
| 999 |
_c49236 _d49236 |
||